Guide du langage juridique (Record no. 129813)

MARC details
000 -LEADER
campo de control de longitud fija 00824nam a2200253 i 4500
001 - NÚMERO DE CONTROL
campo de control 129813
003 - IDENTIFICADOR DE NÚMERO DE CONTROL
campo de control ES-MaACL
005 - FECHA Y HORA DE LA ÚLTIMA TRANSACCIÓN
campo de control 20230906193601.0
007 - CAMPO FIJO DE DESCRIPCIÓN FÍSICA--INFORMACIÓN GENERAL
campo de control de longitud fija t|
008 - DATOS DE LONGITUD FIJA--INFORMACIÓN GENERAL
campo de control de longitud fija 070706s2002 fr |||| | fre d
020 ## - NÚMERO INTERNACIONAL ESTÁNDAR DEL LIBRO
Número Internacional Estándar del Libro 2-7111-3436-9
080 ## - NÚMERO DE LA CLASIFICACIÓN DECIMAL UNIVERSAL
Número de la Clasificación Decimal Universal 34(038)
100 1# - ENTRADA PRINCIPAL--NOMBRE DE PERSONA
Nombre de persona Bissardon, Sébastien.
9 (RLIN) 29019
245 10 - MENCIÓN DEL TÍTULO
Título Guide du langage juridique
Resto del título : les pieges á éviter /
Mención de responsabilidad, etc. Sébastien Bissardon ; avec le concours de Raphaële Burel.
260 ## - PUBLICACIÓN, DISTRIBUCIÓN, ETC.
Lugar de publicación, distribución, etc. [Francia] :
Nombre del editor, distribuidor, etc. Litec,
Fecha de publicación, distribución, etc. [2002]
300 ## - DESCRIPCIÓN FÍSICA
Extensión 357 p. ;
Dimensiones 18 cm.
490 1# - MENCIÓN DE SERIE
Mención de serie Carré droit. Juris classeur
500 ## - NOTA GENERAL
Nota general Índice.
650 14 - PUNTO DE ACCESO ADICIONAL DE MATERIA--TÉRMINO DE MATERIA
Término de materia o nombre geográfico como elemento de entrada Derecho-
Subdivisión de forma Diccionarios.
9 (RLIN) 11610
700 1# - ENTRADA AGREGADA--NOMBRE PERSONAL
Nombre de persona Burel, Raphaële.
9 (RLIN) 32603
830 0# - PUNTO DE ACCESO ADICIONAL DE SERIE-TÍTULO UNIFORME
Título uniforme Carré droit. Juris classeur
9 (RLIN) 219383
852 ## - LOCALIZACIÓN
Ubicación ES-MaACL
Número de control de estantería E-11840
Nota libre . - Biblioteca Jacinto Martínez Lacalle
Holdings
Estatus retirado Estado de pérdida Estado de daño No para préstamo Biblioteca de origen Biblioteca actual Ubicación en estantería Fecha de adquisición Fuente de adquisición Total de préstamos Signatura topográfica completa Código de barras Visto por última vez Precio de reemplazo Tipo de ítem Koha
        Biblioteca del Ateneo de Madrid Biblioteca del Ateneo de Madrid Depósito 2 17/01/2008     E-11840 1135170 23/02/2023 23/02/2023 Libro impreso